000 00509nam a22001817a 4500
003 CEME
005 20210628203525.0
008 210120b xxu||||| |||| 00| 0 eng d
020 _a9788131703205
040 _c.
082 _a658 BOZ
100 _aBozarth, Cecil C, Handfield Robert B
_966003
245 _aIntroduction to operations and supply chain management
260 _aINDIA
_bPEARSON EDUCATION ASIA
_c2006
300 _aXXIV,550P
650 _aSUPPLY CHAIN MANAGEMENT
_919120
942 _cBK
_2ddc
999 _c574058
_d574058